Quiz Cultura Generale - Quiz n°1 - Statistics

Statistiche generali
  • Questo quiz è stato fatto 535 volte
  • Il punteggio medio è 8 su 15
Statistiche sulle risposte
Domanda Risposta % Corretto
In quale anno è stata scoperta l'America da Cristoforo Colombo? 1492
98%
Qual è il pianeta più grande del Sistema Solare? Giove
76%
Come si traduce in italiano la parola "wind"? Vento
73%
Chi ha vinto il Pallone d'Oro nel 2021? Lionel Messi
67%
Cha ha composto "Le Quattro Stagioni"? Antonio Vivaldi
64%
Quanti vangeli ci sono nella Bibbia? 4
62%
Qual è la capitale del Cile? Santiago del Cile
60%
Quale tennista ha vinto più volte il torneo maschile del Roland Garros? Rafael Nadal
59%
Chi ha scritto il "De vulgari eloquentia"? Dante Alighieri
43%
Quale attore ha vinto il Premio Oscar come migliore attore protagonista nel 2016? Leonardo Di Caprio
41%
Chi ha dipinto "La vergine delle rocce"? Leonardo Da Vinci
34%
Quale figura geometrica è un quadrilatero con i lati opposti paralleli? Parallelogramma
31%
Chi ha deposto Romolo Augustolo nel 476 d.C., ultimo imperato dell'Impero Romano d'Occidente? Odoacre
19%
Chi è considerato come filosofo della teoria del divenire? Eraclito
18%
Quale fiume attraversa la città di Mantova? Mincio
12%
Nessun quiz corrispondente trovato
Distribuzione punteggi
Percentuale di utenti per punteggio
Percentile per numero di risposta
I tuoi punteggi nel tempo
Non hai fatto questo quiz